000 00718nam a22001817a 4500
003 UA-OsUOA
001 15293
007 ta
008 20031105b un ||||| |||| 00| 0 ukr d
100 _aКіселик Т.
942 _cSA
040 _aUA-OsUOA
_cUA-OsUOA
_dUA-OsUOA
245 _aЗа діркою дірочка, або Особливості світової забави проколювання тіла: [Про салон худож. татуювання , татуажу і пірсингу у Рівному]
300 _aС.6
955 _a0
773 0 _w0
_tВільне слово
_dРівне
_d2003
_g№63/13 серп./
650 7 _aДекоративно - прикладне мистецтво
_2UDC
999 _c301458
_d301458